|
|
|
|
| LEADER |
03403nam a2200541 4500 |
| 001 |
978-981-10-6080-9 |
| 003 |
DE-He213 |
| 005 |
20191022022347.0 |
| 007 |
cr nn 008mamaa |
| 008 |
180212s2018 si | s |||| 0|eng d |
| 020 |
|
|
|a 9789811060809
|9 978-981-10-6080-9
|
| 024 |
7 |
|
|a 10.1007/978-981-10-6080-9
|2 doi
|
| 040 |
|
|
|d GrThAP
|
| 050 |
|
4 |
|a R856-857
|
| 050 |
|
4 |
|a HC79.E5
|
| 050 |
|
4 |
|a GE220
|
| 072 |
|
7 |
|a MQW
|2 bicssc
|
| 072 |
|
7 |
|a TEC059000
|2 bisacsh
|
| 072 |
|
7 |
|a MQW
|2 thema
|
| 082 |
0 |
4 |
|a 610.28
|2 23
|
| 245 |
1 |
0 |
|a Polymer Gels
|h [electronic resource] :
|b Perspectives and Applications /
|c edited by Vijay Kumar Thakur, Manju Kumari Thakur, Stefan Ioan Voicu.
|
| 250 |
|
|
|a 1st ed. 2018.
|
| 264 |
|
1 |
|a Singapore :
|b Springer Singapore :
|b Imprint: Springer,
|c 2018.
|
| 300 |
|
|
|a XI, 414 p. 114 illus., 53 illus. in color.
|b online resource.
|
| 336 |
|
|
|a text
|b txt
|2 rdacontent
|
| 337 |
|
|
|a computer
|b c
|2 rdamedia
|
| 338 |
|
|
|a online resource
|b cr
|2 rdacarrier
|
| 347 |
|
|
|a text file
|b PDF
|2 rda
|
| 490 |
1 |
|
|a Gels Horizons: From Science to Smart Materials,
|x 2367-0061
|
| 520 |
|
|
|a This book summarizes the recent advances in the science and engineering of polymer-gel-based materials in different fields. It also discusses the extensive research developments for the next generation of smart materials. It takes an in-depth look at the current perspectives and market opportunities while pointing to new possibilities and applications. The book addresses important topics such as stimuli responsive polymeric nanoparticles for cancer therapy; polymer gel containing metallic materials; chemotherapeutic applications in oncology; conducting polymer-based gels and their applications in biological sensors; imprinted polymeric gels for pharmaceutical and biomedical purposes; applications of biopolymeric gels in the agricultural sector; application of polymer gels and their nanocomposites in electrochemistry; smart polyelectrolyte gels as a platform for biomedical applications; agro-based polymer gels and their application in purification of industrial water wastes; polymer gel composites for bio-applications. It will be of interest to researchers working in both industry and academia.
|
| 650 |
|
0 |
|a Biomedical engineering.
|
| 650 |
|
0 |
|a Pharmaceutical technology.
|
| 650 |
|
0 |
|a Polymers .
|
| 650 |
1 |
4 |
|a Biomedical Engineering and Bioengineering.
|0 http://scigraph.springernature.com/things/product-market-codes/T2700X
|
| 650 |
2 |
4 |
|a Pharmaceutical Sciences/Technology.
|0 http://scigraph.springernature.com/things/product-market-codes/B21010
|
| 650 |
2 |
4 |
|a Polymer Sciences.
|0 http://scigraph.springernature.com/things/product-market-codes/C22008
|
| 700 |
1 |
|
|a Thakur, Vijay Kumar.
|e editor.
|4 edt
|4 http://id.loc.gov/vocabulary/relators/edt
|
| 700 |
1 |
|
|a Thakur, Manju Kumari.
|e editor.
|4 edt
|4 http://id.loc.gov/vocabulary/relators/edt
|
| 700 |
1 |
|
|a Voicu, Stefan Ioan.
|e editor.
|4 edt
|4 http://id.loc.gov/vocabulary/relators/edt
|
| 710 |
2 |
|
|a SpringerLink (Online service)
|
| 773 |
0 |
|
|t Springer eBooks
|
| 776 |
0 |
8 |
|i Printed edition:
|z 9789811060793
|
| 776 |
0 |
8 |
|i Printed edition:
|z 9789811060816
|
| 776 |
0 |
8 |
|i Printed edition:
|z 9789811355639
|
| 830 |
|
0 |
|a Gels Horizons: From Science to Smart Materials,
|x 2367-0061
|
| 856 |
4 |
0 |
|u https://doi.org/10.1007/978-981-10-6080-9
|z Full Text via HEAL-Link
|
| 912 |
|
|
|a ZDB-2-ENG
|
| 950 |
|
|
|a Engineering (Springer-11647)
|